| 000 | 00968nam a2200301 i 4500 | ||
|---|---|---|---|
| 001 | 72766 | ||
| 003 | ES-MaACL | ||
| 005 | 20250728113925.0 | ||
| 007 | t| | ||
| 008 | 040902s1974 mx ||||1| spa d | ||
| 020 | _a84-323-0163-9 | ||
| 080 | _a330.342.11 | ||
| 080 | _a308:571 | ||
| 100 | 1 |
_aGodelier, Maurice. _957517 |
|
| 245 | 1 | 0 |
_aEconomía, fetichismo y religión en las sociedades primitivas / _cMaurice Godelier ; [traducción de Celia Amorós e Ignacio Romero de Solís]. |
| 250 | _a1ª ed. | ||
| 260 |
_aMéxico : _bSiglo Veintiuno, _c1974. |
||
| 300 |
_a391 p. ; _c21 cm. |
||
| 490 | 1 | _aAntropología | |
| 650 | 7 |
_aAntropología económica _2embne _9167730 |
|
| 650 | 7 |
_aReligiones primitivas _2embne _916825 |
|
| 650 | 4 |
_aSociedad primitiva. _917177 |
|
| 700 | 1 |
_aAmorós, Celia. _921310 |
|
| 700 | 1 |
_aRomero de Solís, Ignacio. _999374 |
|
| 830 | 1 |
_aAntropología _9182635 |
|
| 852 | 4 |
_aES-MaACL _jE-6815 |
|
| 999 |
_c72766 _d72766 |
||